عرض عادي
عرض مارك
- الإدارة الاستراتيجية
مدخل مصطلح موضوعي
001 - رقم الضبط
- حقل الضبط: 63511
003 - معرف رقم الضبط
- حقل الضبط: OSt
005 - تاريخ ووقت أخر عملية
- حقل الضبط: 20180429152439.0
008 - عناصر بيانات ثابتة الطول
- حقل تحكم ثابت الطول: 180429|| aca||aabn | a|a d
040 ## - مصدر الفهرسة
- هيئة الفهرسة الأصلية: OSt
- وكالة الكتابة: OSt
150 ## - مدخل-- مصطلح تاريخي
- عنصر مدخل المصطلح الموضوعي او الاسم الجغرافي: الإدارة الاستراتيجية
670 ## - بيانات المصدر موجوده
- الاستشهاد بالمصدر: Work cat.: (OSt): الشميلي، عائشة يوسف 63508, الإدارة الاستراتيجية الحديثة :, 2017.
